LEADER 01214nam0-22003731i-450- 001 990001495670403321 010 $a0-8218-1199-1 035 $a000149567 035 $aFED01000149567 035 $a(Aleph)000149567FED01 035 $a000149567 100 $a20020723d1999----km-y0itay50------ba 101 0 $aeng 102 $aDE 105 $aa---a---101yy 200 1 $aRecent developments in quantum affine algebras and related topics$eRepresentations of Affine and Quantum Affine Algebras and their Applications North Carolina State University$fNaihuan Jing, K. C. Misra, editors 210 $aProvidence$cAmerican Mathematical Society$dc1999 215 $aix, 469 p.$d24 cm 225 1 $aContemporary mathematics$v248 610 0 $aAlgebre di lie$aCongressi 610 0 $aGruppi quantistici$aCongressi 676 $a512.55$v21 702 1$aJing,$bNaihuan 702 1$aMisra,$bKallash C. 801 0$aIT$bUNINA$gRICA$2UNIMARC 901 $aBK 912 $a990001495670403321 952 $aC-1-(248$b17486$fMA1 959 $aMA1 962 $a17B37 962 $a17B69 962 $a05E05 996 $aRecent developments in quantum affine algebras and related topics$9377590 997 $aUNINA LEADER 00968cam2-2200361---450 001 990001750790403321 005 20200728105405.0 010 $a88-7019-523-6 035 $a000175079 035 $aFED01000175079 035 $a(Aleph)000175079FED01 035 $a000175079 100 $a20030910d1991----km-y0itay50------ba 101 0 $aita 102 $aIT 105 $aa 001yy 200 1 $aColeoptera Meloidae$fa cura di Marco A. Bologna 210 $aBologna$cCalderini$d1991 215 $aXIV, 541 p.$cill.$d24 cm 461 0$1001000164472$12001$aFauna d'Italia$v28 610 0 $aColeoptera 676 $a595.76 676 $a591.945$v23$zita 702 1$aBologna,$bMarco A. 801 0$aIT$bUNINA$gRICA$2UNIMARC 901 $aBK 912 $a990001750790403321 952 $a60 591.945 FAUITA (028)$b3414$fFAGBC 952 $a15 VI 1$b886$fDBV 959 $aFAGBC 959 $aDBV 996 $aColeoptera Meloidae$9365426 997 $aUNINA